000 00842pam a2200289 i 4500
001 882176
003 mut
005 20240606081021.0
008 800612s1981 mnua b 001 0 eng
010 _a 80018125
020 _a0801627478
040 _aDLC
_cDLC
_dDLC
050 0 0 _aRT81.5
_b.R4 1981
060 _aWY20.5 R287
082 0 0 _a610.73/072
245 0 0 _aReadings for nursing research /
260 _aSt. Louis :
_bC. V. Mosby Co.,
_c1981.
300 _axii, 285 p. :
_bill. ;
_c28 cm.
504 _aIncludes bibliographies and index.
650 0 _aNursing
_xResearch.
650 2 _aNursing.
650 2 _aResearch.
700 1 _aKrampitz, Sydney Diane.
700 1 _aPavlovich, Natalie,
_d1940-
906 _a7
_bcbc
_corignew
_du
_eocip
_f19
_gy-gencatlg
942 _2lcc
_cBK
999 _c6678
_d6678